El peregrino (Record no. 173976)

MARC details
000 -LEADER
campo de control de longitud fija 00940namaa2200193 i 4500
001 - NÚMERO DE CONTROL
campo de control 173976
003 - IDENTIFICADOR DE NÚMERO DE CONTROL
campo de control ES-MaACL
005 - FECHA Y HORA DE LA ÚLTIMA TRANSACCIÓN
campo de control 20230906215416.0
008 - DATOS DE LONGITUD FIJA--INFORMACIÓN GENERAL
campo de control de longitud fija 100204s1899 sp |||| | spa d
100 1# - ENTRADA PRINCIPAL--NOMBRE DE PERSONA
Nombre de persona Álvarez Quintero, Serafín,
Fechas asociadas al nombre 1871-1938
9 (RLIN) 226443
245 13 - MENCIÓN DEL TÍTULO
Título El peregrino
Resto del título : zarzuela cómica en un acto dividido en dos cuadros /
Mención de responsabilidad, etc. Serafín y Joaquín Álvarez Quintero ; música de Vicente Gómez Zarzuela.
260 ## - PUBLICACIÓN, DISTRIBUCIÓN, ETC.
Lugar de publicación, distribución, etc. Madrid :
Nombre del editor, distribuidor, etc. Florencio Fiscowich,
Fecha de publicación, distribución, etc. 1899 (
Fabricante R. Velasco)
300 ## - DESCRIPCIÓN FÍSICA
Extensión 38 p. ;
Dimensiones 18 cm.
500 ## - NOTA GENERAL
Nota general En port.: Estrenada en el teatro del Duque, de Sevilla, el 6 de mayo de 1898.
520 8# - RESUMEN, ETC.
Sumario, etc. La acción transcurre en los alrededores de un pueblo aragonés.
700 1# - ENTRADA AGREGADA--NOMBRE PERSONAL
Nombre de persona Álvarez Quintero, Joaquín,
Fechas asociadas al nombre 1873-1944
9 (RLIN) 20922
852 ## - LOCALIZACIÓN
Ubicación ES-MaACL
Número de control de estantería F-8636(10)
Nota libre .- Enc. pasta española
-- .- Enc. en un vol. facticio formando parte de la col. facticia "Teatro español moderno", vol. 91
Holdings
Estatus retirado Estado de pérdida Estado de daño No para préstamo Colección Biblioteca de origen Biblioteca actual Ubicación en estantería Fecha de adquisición Fuente de adquisición Total de préstamos Signatura topográfica completa Código de barras Visto por última vez Precio de reemplazo Tipo de ítem Koha
        Libros del s. XIX Biblioteca del Ateneo de Madrid Biblioteca del Ateneo de Madrid Sala Pecera Planta 2 04/02/2010     F-8636(10) 1182623 23/02/2023 23/02/2023 Libro impreso antiguo